[Event "XVI ECC"]
[Site "Neum BIH"]
[Date "2000.09.26"]
[Round "3"]
[White "Bareev,E"]
[Black "Ribli,Z"]
[Result "1-0"]
[WhiteElo "2702"]
[BlackElo "2569"]

1.d4 d5 2.c4 c6 3.Nf3 Nf6 4.Nc3 dxc4 5.a4 Bf5 6.Ne5 e6 7.f3 Bb4 8.e4 Bxe4
9.fxe4 Nxe4 10.Bd2 Qxd4 11.Nxe4 Qxe4+ 12.Qe2 Bxd2+ 13.Kxd2 Qd5+ 14.Kc2 Na6
15.Nxc4 O-O 16.Qe5 Rab8 17.a5 Rfd8 18.Be2 f6 19.Qxd5 cxd5 20.Nd2 Rdc8+ 21.Kb1 Kf7
22.Ra3 Nb4 23.Nb3 Nc2 24.Ra4 Ne3 25.g3 e5 26.Re1 d4 27.Bd3 Rc7 28.Rc1 Rxc1+
29.Kxc1 Rc8+ 30.Kd2 Rc7 31.Rb4 f5 32.Rb5 Kf6 33.Nc5 e4 34.Be2 a6 35.Rb6+ Ke5
36.b4 Kd5 37.Rxb7 Rxb7 38.Nxb7 Nc4+ 39.Bxc4+ Kxc4 40.Nd6+ Kxb4 41.Nxf5 Kxa5
42.Nxd4 Kb4 43.Ke3 Kc4 44.Nf5 a5 45.Nd6+ Kb4 46.Nxe4 a4 47.Kd3 a3 48.Kc2 Kc4
49.Ng5 h6 50.Ne6 g5 51.g4 Kd5 52.Nd8 Ke4 53.Nf7  1-0

[Event "chT-SLO"]
[Site "Bled SLO"]
[Date "2000.10.14"]
[Round "1"]
[White "Ribli,Z"]
[Black "Tukmakov,V"]
[Result "1/2-1/2"]
[WhiteElo "2569"]
[BlackElo "2582"]

1.Nf3 c5 2.c4 Nf6 3.Nc3 d5 4.cxd5 Nxd5 5.g3 Nc6 6.Bg2 e6 7.O-O Be7 8.d4 O-O
9.e4 Nb6 10.dxc5 Bxc5 11.Bf4 Qxd1 12.Rfxd1 f6 13.Rac1 e5 14.Nb5 exf4 15.Rxc5 fxg3
16.hxg3 Bg4 17.Rd2 Rad8 18.Nd6 Bxf3 19.Bxf3 Nc8 20.e5 Nxe5 21.Bd5+ Kh8 22.Nxc8 Rxc8
23.Rxc8 Rxc8 24.Bxb7 Rc1+ 25.Kg2 g5 26.Be4 Kg7 27.f4 gxf4 28.gxf4 Rc4 29.fxe5 Rxe4
30.exf6+ Kxf6  1/2-1/2

[Event "chT-SLO"]
[Site "Bled SLO"]
[Date "2000.10.15"]
[Round "2"]
[White "Sermek,D"]
[Black "Ribli,Z"]
[Result "1/2-1/2"]
[WhiteElo "2514"]
[BlackElo "2569"]

1.e4 d6 2.d4 g6 3.Nc3 Bg7 4.Be3 a6 5.f4 Nd7 6.Nf3 b5 7.Bd3 b4 8.Nb1 Ngf6
9.Nbd2 c5 10.c3 bxc3 11.bxc3 O-O  1/2-1/2

[Event "chT-SLO"]
[Site "Bled SLO"]
[Date "2000.10.16"]
[Round "3"]
[White "Ribli,Z"]
[Black "Palac,M"]
[Result "1/2-1/2"]
[WhiteElo "2569"]
[BlackElo "2573"]

1.Nf3 c5 2.c4 Nf6 3.g3 d5 4.cxd5 Nxd5 5.Bg2 Nc6 6.d4 Nb6 7.dxc5 Qxd1+ 8.Kxd1 Na4
9.Nc3 Nxc3+ 10.bxc3 e5 11.Be3 Be6 12.Kc2  1/2-1/2

[Event "chT-SLO"]
[Site "Bled SLO"]
[Date "2000.10.18"]
[Round "5"]
[White "Ribli,Z"]
[Black "Golubovic,B"]
[Result "1/2-1/2"]
[WhiteElo "2569"]
[BlackElo "2466"]

1.d4 Nf6 2.c4 g6 3.Nf3 Bg7 4.g3 O-O 5.Bg2 c6 6.Nc3 d6 7.O-O Qa5 8.e4 Qh5
9.e5 dxe5 10.Nxe5 Ng4 11.Nf3 Nh6 12.Qb3 Nd7 13.Re1 e5 14.Bxh6 Qxh6 15.Nxe5 Nxe5
16.dxe5 Re8 17.f4 g5 18.fxg5 Qg6 19.Ne4 Rxe5 20.Nf6+ Bxf6 21.gxf6 Qxf6 22.Qc3 Rxe1+
23.Rxe1 Qd8 24.h4 Be6 25.Kh2 Rc8 26.Re5 h6 27.b3 a6 28.Rh5 Qf8 29.Qe3 Re8
30.Rxh6 Bf5 31.Qf4 Bg6 32.h5 Bb1 33.Rf6 Qg7 34.Bf3 Qh7 35.h6 Bg6 36.g4 Kh8
37.g5 Qg8 38.Rd6 Kh7 39.Qf6 Qh8 40.Qxh8+ Kxh8 41.Rd7 Re3 42.Kg3  1/2-1/2

[Event "chT-SLO"]
[Site "Bled SLO"]
[Date "2000.10.19"]
[Round "6"]
[White "Beliavsky,A"]
[Black "Ribli,Z"]
[Result "1/2-1/2"]
[WhiteElo "2654"]
[BlackElo "2569"]

1.d4 d5 2.c4 c6 3.Nf3 Nf6 4.Nc3 dxc4 5.a4 Bf5 6.e3 e6 7.Bxc4 Bb4 8.O-O Nbd7
9.Qe2 O-O 10.e4 Bg6 11.Bd3 Bh5 12.e5 Nd5 13.Nxd5 cxd5 14.Qe3 h6 15.Ne1 Bxe1
16.Rxe1 Bg6 17.Bf1 Rc8 18.Bd2 Qe7 19.a5 Nb8 20.Rec1 Qd7 21.Bb4 Rxc1 22.Rxc1 Rc8
23.Bc5 Qc7 24.Ra1 Nc6 25.b4 a6 26.h4 Qd8 27.Qf4 f6 28.Ra3 fxe5 29.dxe5 Qe8
30.Rg3 Qf7 31.Qd2 Kh8 32.Bd6 Be4 33.Rc3 Qg6 34.f3 d4 35.Ra3 Bd5 36.Kh2 Qf7
37.Ra1 Ne7 38.Bxe7 Qxe7 39.Qxd4 g5 40.hxg5 Qxg5 41.Re1 Rf8 42.Re3 h5 43.Rc3 h4
44.Qe3 Qg3+ 45.Kh1 Kg8 46.Qh6 Qxe5 47.Rc5 Qg3 48.Bc4 Qe1+ 49.Kh2 Qe5+ 50.Kg1 Qd4+  1/2-1/2

[Event "chT-SLO"]
[Site "Bled SLO"]
[Date "2000.10.20"]
[Round "7"]
[White "Ribli,Z"]
[Black "Sveshnikov,E"]
[Result "1/2-1/2"]
[WhiteElo "2569"]
[BlackElo "2555"]

1.d4 d5 2.c4 e6 3.Nf3 Nf6 4.Nc3 c6 5.Bg5 h6 6.Bxf6 Qxf6 7.e3 Nd7 8.Bd3 Bd6
9.O-O Qe7 10.e4 dxc4 11.Bxc4 e5 12.d5  1/2-1/2

[Event "TCh-SLO"]
[Site "Bled SLO"]
[Date "2001.10.19"]
[Round "2"]
[White "Ribli,Z"]
[Black "Palac,M"]
[Result "1/2-1/2"]
[WhiteElo "2564"]
[BlackElo "2572"]

1.Nf3 c5 2.c4 Nf6 3.Nc3 d5 4.cxd5 Nxd5 5.d4 Nxc3 6.bxc3 g6 7.e3 Bg7 8.Bd3 O-O
9.O-O Nd7 10.Rb1 Qc7 11.e4 b6 12.Qe2 e5 13.Be3 exd4  1/2-1/2

[Event "TCh-SLO"]
[Site "Bled SLO"]
[Date "2001.10.20"]
[Round "3"]
[White "Beliavsky,A"]
[Black "Ribli,Z"]
[Result "1-0"]
[WhiteElo "2668"]
[BlackElo "2564"]

1.d4 d5 2.c4 c6 3.Nf3 Nf6 4.Nc3 dxc4 5.a4 Bf5 6.e3 e6 7.Bxc4 Bb4 8.O-O Nbd7
9.Qe2 O-O 10.e4 Bg6 11.Bd3 Bh5 12.e5 Nd5 13.Nxd5 cxd5 14.Qe3 Be7 15.Bd2 Nb8
16.Ne1 Bg6 17.f4 Nc6 18.g4 f5 19.exf6 Bxf6 20.Bc3 Qe8 21.h3 Kh8 22.Rd1 Rc8
23.Rd2 Bd8 24.Re2 Bb6 25.Kg2 Bxd3 26.Nxd3 Qg6 27.Nc5 e5 28.fxe5 Bxc5 29.dxc5 h5
30.Rf4 Qe6 31.Ref2 Rxf4 32.Rxf4 hxg4 33.Rxg4 Rf8 34.Qg5 Rf7 35.Qh5+ Kg8 36.Rg6 Qf5
37.Qxf5 Rxf5 38.Rd6 d4 39.Bxd4 Nxd4 40.Rxd4 Rxe5 41.Rb4 Rxc5 42.Rxb7 Kh7
43.Kf3 Rh5 44.Kg4 Rd5 45.b3 Rd4+ 46.Kg5 Rd3 47.Kg4 Rd4+ 48.Kf3 Rd3+ 49.Ke4 Rxh3
50.a5 Kh6 51.a6 g5 52.b4 Rb3 53.Kf5 Rf3+ 54.Kg4 Rf6 55.b5 Rf4+ 56.Kg3 Rb4
57.Rb8 Ra4 58.Kf3 g4+ 59.Ke3 g3 60.Kf3 Ra3+ 61.Kg2 Kg5 62.Kh3 Kf4 63.Rf8+ Ke3
64.Rf7 Ra5 65.Rxa7 Rxb5 66.Ra8 Re5 67.Kxg3 Re6 68.Kh4 Kf4 69.Rf8+  1-0

[Event "TCh-SLO"]
[Site "Bled SLO"]
[Date "2001.10.24"]
[Round "7"]
[White "Ribli,Z"]
[Black "Sveshnikov,E"]
[Result "1/2-1/2"]
[WhiteElo "2564"]
[BlackElo "2556"]

1.d4 d5 2.c4 e6 3.e3 Nf6 4.Nf3 c5 5.Nc3 Nc6 6.dxc5 Bxc5 7.Be2 O-O 8.O-O dxc4
9.Bxc4 b6 10.b3 Bb7 11.Bb2  1/2-1/2

[Event "Salona"]
[Site "Solin-Split CRO"]
[Date "2001.12.09"]
[Round "2"]
[White "Ribli,Z"]
[Black "Zelcic,R"]
[Result "1/2-1/2"]
[WhiteElo "2564"]
[BlackElo "2547"]

1.Nf3 Nf6 2.c4 e6 3.Nc3 c5 4.g3 d5 5.cxd5 Nxd5 6.Bg2 Nc6 7.O-O Be7 8.d4 O-O
9.e4 Nb6 10.dxc5 Qxd1 11.Rxd1 Bxc5 12.Bf4 f6 13.Rac1 e5 14.Nb5 exf4 15.Rxc5 fxg3
16.hxg3 Bg4 17.Rd2 Rfd8 18.Nd6 Bxf3 19.Bxf3 Ne5 20.Bd1 Kf8 21.Rcc2 Nec4 22.Nxc4 Nxc4
23.Rxd8+ Rxd8 24.Rxc4 Rxd1+ 25.Kg2 Ke7  1/2-1/2

[Event "Salona"]
[Site "Solin-Split CRO"]
[Date "2001.12.10"]
[Round "3"]
[White "Zaja,I"]
[Black "Ribli,Z"]
[Result "1/2-1/2"]
[WhiteElo "2476"]
[BlackElo "2564"]

1.d4 Nf6 2.c4 e6 3.Nc3 Bb4 4.e3 O-O 5.Bd3 c5 6.Nf3 d5 7.O-O dxc4 8.Bxc4 Nbd7
9.Qe2 b6 10.a3 cxd4 11.axb4 dxc3 12.bxc3 Bb7 13.Bb2 Bxf3 14.gxf3 Ne5 15.Rfd1 Nd5
16.Bxd5 exd5 17.Rd4 Qd7 18.f4 Nc4 19.Rad1 Nxb2 20.Rxd5 Qc8 21.Qxb2 Qg4+ 22.Kf1 Qh3+
23.Kg1 Qg4+  1/2-1/2

[Event "Salona"]
[Site "Solin-Split CRO"]
[Date "2001.12.12"]
[Round "5"]
[White "Ribli,Z"]
[Black "Stevic,H"]
[Result "1/2-1/2"]
[WhiteElo "2564"]
[BlackElo "2511"]

1.Nf3 c5 2.c4 Nc6 3.d4 cxd4 4.Nxd4 e6 5.Nc3 Nf6 6.g3 Qb6 7.Ndb5 Ne5 8.Bg2 a6
9.Qa4 Rb8 10.Be3 Bc5 11.Bxc5 Qxc5 12.Qa3 b6 13.Nd6+ Ke7 14.Qxc5 bxc5 15.Nxc8+ Rhxc8
16.b3 g5 17.Rd1 h5 18.f3 h4 19.Kf2 Rh8 20.e3 hxg3+ 21.hxg3 Rxh1 22.Bxh1 d6
23.Bg2 Rh8 24.Kg1 Rg8 25.Kf2 Rh8  1/2-1/2

[Event "Salona"]
[Site "Solin-Split CRO"]
[Date "2001.12.14"]
[Round "7"]
[White "Ribli,Z"]
[Black "Dizdarevic,E"]
[Result "1/2-1/2"]
[WhiteElo "2564"]
[BlackElo "2490"]

1.Nf3 d6 2.d4 Nf6 3.c4 g6 4.g3 c6 5.Nc3 Bf5 6.b3 Ne4 7.Bb2 Bg7 8.Bg2 Nxc3
9.Bxc3 Be4 10.O-O O-O 11.e3 e6 12.Qe2 Nd7 13.Rfd1 d5 14.Rac1 f5  1/2-1/2

[Event "Salona"]
[Site "Solin-Split CRO"]
[Date "2001.12.15"]
[Round "8"]
[White "Kurajica,B"]
[Black "Ribli,Z"]
[Result "1/2-1/2"]
[WhiteElo "2542"]
[BlackElo "2564"]

1.d4 Nf6 2.Nf3 e6 3.g3 d5 4.Bg2 Be7 5.O-O O-O 6.b3 b5 7.Ne5 Nfd7 8.Nd3 Bb7
9.Bb2 Na6 10.Na3 b4 11.Nb1 c5 12.dxc5 Bf6  1/2-1/2

[Event "Salona"]
[Site "Solin-Split CRO"]
[Date "2001.12.16"]
[Round "9"]
[White "Ribli,Z"]
[Black "Kovacevic,Vlat"]
[Result "0-1"]
[WhiteElo "2564"]
[BlackElo "2499"]

1.c4 e6 2.g3 d5 3.Bg2 c6 4.Qc2 Na6 5.a3 Nf6 6.Nf3 Be7 7.O-O O-O 8.d4 b6 9.Nc3 Bb7
10.Rd1 Qc8 11.b3 Rd8 12.Bb2 c5 13.cxd5 Nxd5 14.Nxd5 Bxd5 15.e4 Bb7 16.d5 exd5
17.exd5 h6 18.Ne5 Bf8 19.Rd2 f6 20.Ng6 Rd6 21.Re1 Nc7 22.Nf4 Qd8 23.h4 Bc8
24.Be4 Bg4 25.h5 Kh8 26.Kg2 Rc8 27.f3 Bd7 28.g4 Nb5 29.Qd1 f5 30.Bb1 c4 31.bxc4 Rxc4
32.Be5 fxg4 33.Qe2 gxf3+ 34.Qxf3 Qg5+ 35.Qg3 Kg8 36.Qxg5 hxg5 37.Ng6 Rxg6
38.hxg6 Bxa3  0-1

[Event "10th Hotel Opatija GM"]
[Site "Kastav CRO"]
[Date "2002.04.10"]
[Round "1"]
[White "Bistric,F"]
[Black "Ribli,Z"]
[Result "0-1"]
[WhiteElo "2486"]
[BlackElo "2558"]

1.c4 e6 2.Nf3 d5 3.b3 Nf6 4.g3 Be7 5.Bg2 O-O 6.O-O b6 7.Bb2 Bb7 8.e3 Nbd7
9.Nc3 c5 10.Qe2 Rc8 11.Rac1 Qc7 12.Rfd1 Qb8 13.d4 cxd4 14.exd4 Rfd8 15.Bh3 dxc4
16.Ng5 h6 17.Nxf7 Kxf7 18.Bxe6+ Kf8 19.bxc4 Re8 20.d5 Nc5 21.Bxc8 Qxc8 22.Nb5 Nce4
23.Bxf6 Bxf6 24.Qd3 Qc5 25.Rc2 Bc8 26.Re1 Bf5 27.Rce2 a6 28.Na7 b5 29.cxb5 Qxa7
30.bxa6 Bd4 31.Qf3 Qf7 32.d6 Rd8 33.Rxe4 Bxe4 34.Qxf7+ Kxf7 35.Rxe4 Rxd6
36.h4 Ba7 37.Kg2 Rxa6 38.Rf4+ Ke6 39.g4 Rxa2 40.h5 Ke5 41.Rf5+ Ke4 42.Rf7 Ra4
43.Kg3 Ra6 44.Kg2 Ke5 45.Kf3 Rf6+ 46.Rxf6 gxf6 47.Kg3 Kd4 48.f4 Ke4 49.g5 f5
50.gxh6 Bd4 51.h7 Bf6  0-1

[Event "10th Hotel Opatija GM"]
[Site "Kastav CRO"]
[Date "2002.04.11"]
[Round "3"]
[White "Vukic,M"]
[Black "Ribli,Z"]
[Result "1/2-1/2"]
[WhiteElo "2500"]
[BlackElo "2558"]

1.Nf3 c5 2.c4 Nc6 3.Nc3 Nf6 4.d4 cxd4 5.Nxd4 e6 6.a3 Be7 7.e3 O-O 8.Be2 b6
9.O-O Bb7 10.b3 Qc7 11.Bb2 Rac8 12.Rc1 Rfd8 13.Nxc6 dxc6 14.Qc2 c5 15.Rfd1  1/2-1/2

[Event "10th Hotel Opatija GM"]
[Site "Kastav CRO"]
[Date "2002.04.12"]
[Round "4"]
[White "Ribli,Z"]
[Black "Jurkovic,H"]
[Result "1-0"]
[WhiteElo "2558"]
[BlackElo "2386"]

1.c4 e5 2.Nc3 Nc6 3.g3 g6 4.Bg2 Bg7 5.Rb1 f5 6.b4 Nf6 7.b5 Nd4 8.e3 Ne6 9.Nge2 O-O
10.O-O f4 11.d4 Nh5 12.d5 Ng5 13.exf4 exf4 14.gxf4 Nf7 15.Ne4 d6 16.N2g3 Qh4
17.Nxh5 gxh5 18.Rb3 Bg4 19.Qd2 Nh8 20.Rg3 Ng6 21.f3 Bd7 22.Kh1 Rae8 23.Rg1 Re7
24.Qf2 Bf5 25.Rxg6 Qxf2 26.Rxg7+ Rxg7 27.Nxf2 Kf7 28.Bb2 Rg6 29.Ne4 Rfg8
30.Ng3 Bd3 31.Bh3 h4 32.Be6+ Kf8 33.Bxg8 hxg3 34.Be6  1-0

[Event "10th Hotel Opatija GM"]
[Site "Kastav CRO"]
[Date "2002.04.13"]
[Round "5"]
[White "Fontaine,R"]
[Black "Ribli,Z"]
[Result "1/2-1/2"]
[WhiteElo "2469"]
[BlackElo "2558"]

1.e4 c5 2.Nf3 e6 3.d4 cxd4 4.Nxd4 Nc6 5.Nb5 d6 6.Bf4 e5 7.Be3 Nf6 8.Bg5 Be6
9.Bxf6 gxf6 10.Nd2 Rc8 11.Nc4 d5 12.exd5 Bxd5 13.c3 Bxc4 14.Bxc4 Qxd1+ 15.Rxd1 a6
16.Nd6+ Bxd6 17.Rxd6 Ke7 18.Rd2 f5  1/2-1/2

[Event "10th Hotel Opatija GM"]
[Site "Kastav CRO"]
[Date "2002.04.14"]
[Round "6"]
[White "Ribli,Z"]
[Black "Loncar,R"]
[Result "1-0"]
[WhiteElo "2558"]
[BlackElo "2442"]

1.Nf3 d6 2.d4 Nf6 3.c4 g6 4.g3 Bg7 5.Bg2 O-O 6.O-O Nc6 7.Nc3 Bd7 8.d5 Na5
9.b3 c5 10.Bb2 Rb8 11.Nd2 a6 12.Qc2 b5 13.Rab1 bxc4 14.bxc4 Qc7 15.e3 Rb6
16.Ne2 Rfb8 17.Bc3 Rxb1 18.Rxb1 Rxb1+ 19.Qxb1 Ng4 20.h3 Bxc3 21.Nxc3 Nf6
22.f4 Nb7 23.h4 h5 24.a3 Na5 25.Bf1 Qb7 26.Qc2 Be8 27.e4 Nd7 28.Nf3 Nb6 29.Nd2 Qb8
30.Qd1 Qb7 31.Qe2 Bd7 32.e5 Bf5 33.Nce4 dxe5 34.fxe5 Qc7 35.Nf3  1-0

[Event "10th Hotel Opatija GM"]
[Site "Kastav CRO"]
[Date "2002.04.15"]
[Round "8"]
[White "Ribli,Z"]
[Black "Tratar,M"]
[Result "1/2-1/2"]
[WhiteElo "2558"]
[BlackElo "2424"]

1.Nf3 Nf6 2.c4 g6 3.g3 Bg7 4.Bg2 O-O 5.d4 d6 6.O-O c6 7.b3 Bf5 8.Bb2 d5 9.Nbd2 Ne4
10.Nh4 Nxd2 11.Qxd2 Be6 12.Rac1 Qd7 13.e4 dxe4 14.Bxe4 Bh3 15.Rfd1 Na6 16.d5 Bxb2
17.Qxb2 cxd5 18.Bxd5 Qc7 19.b4 Rad8 20.c5 e6 21.Bg2 Bxg2 22.Nxg2 Rxd1+ 23.Rxd1 Rd8
24.Rxd8+ Qxd8 25.Ne3 Qd3 26.h3 h5 27.a3 Nc7 28.Qe5 Na6 29.Qb2 Nc7  1/2-1/2

[Event "10th Hotel Opatija GM"]
[Site "Kastav CRO"]
[Date "2002.04.16"]
[Round "9"]
[White "Mukic,J"]
[Black "Ribli,Z"]
[Result "0-1"]
[WhiteElo "2379"]
[BlackElo "2558"]

1.d4 d5 2.Bg5 f6 3.Bh4 Nh6 4.Nf3 Nf5 5.Bg3 h5 6.Bf4 g5 7.Bc1 g4 8.Ng1 c5
9.e4 dxe4 10.d5 e6 11.Nc3 exd5 12.Qxd5 Nd4 13.Qxe4+ Qe7 14.Bd3 Nbc6 15.Be3 Be6
16.Nd5 Bxd5 17.Qxd5 Ne5 18.Bxd4 Nf3+  0-1

[Event "10th Hotel Opatija GM"]
[Site "Kastav CRO"]
[Date "2002.04.17"]
[Round "10"]
[White "Ribli,Z"]
[Black "Rogulj,B"]
[Result "1/2-1/2"]
[WhiteElo "2558"]
[BlackElo "2452"]

1.c4 c5 2.Nf3 Nf6 3.Nc3 d5 4.cxd5 Nxd5 5.e4 Nxc3 6.dxc3 Qxd1+ 7.Kxd1 Nc6
8.Kc2 Bd7 9.Be3 e6 10.Be2 O-O-O 11.a3 a5 12.b4 f6 13.b5 Na7 14.a4 b6 15.e5 Be7
16.Rad1 Be8 17.Bc4 Rxd1 18.Rxd1 Bf7 19.g4 Rd8 20.Re1 Kd7 21.Bf4 Nc8 22.h4 Rf8
23.h5 Bg8 24.Bd3 f5 25.gxf5 exf5 26.Rd1 Bd5 27.e6+ Kxe6 28.Re1+ Be4 29.Nd2 Kd7
30.Nxe4 fxe4 31.Rxe4 Nd6  1/2-1/2

[Event "10th Hotel Opatija GM"]
[Site "Kastav CRO"]
[Date "2002.04.18"]
[Round "11"]
[White "Topalovic,Z"]
[Black "Ribli,Z"]
[Result "0-1"]
[WhiteElo "2223"]
[BlackElo "2558"]

1.e4 c5 2.d4 cxd4 3.c3 Nf6 4.e5 Nd5 5.Nf3 Nc6 6.cxd4 d6 7.Bc4 Nb6 8.Bb3 dxe5
9.d5 Na5 10.Nc3 f6 11.Be3 g6 12.Rc1 Bd7 13.h4 Nbc4 14.h5 Nxe3 15.fxe3 Nxb3
16.Qxb3 g5 17.Qxb7 Qb8 18.Qa6 Qxb2 19.O-O g4 20.Nh4 Bh6 21.Qd3 Qb6 22.Rce1 Rc8
23.d6 Qxd6 24.Nd5 O-O 25.e4 Kh8 26.Rd1 Qc5+ 27.Kh2 Bb5 28.Qb3 Bxf1 29.Rxf1  0-1

[Event "TCh-AUT B"]
[Site "Mitte AUT"]
[Date "2002.10.11"]
[Round "6"]
[White "Ribli,Z"]
[Black "Wittmann,W"]
[Result "1/2-1/2"]
[WhiteElo "2574"]
[BlackElo "2345"]

1.Nf3 c5 2.c4 Nc6 3.Nc3 e5 4.e3 Nf6 5.Be2 d5 6.d4 cxd4 7.exd4 exd4 8.Nxd4 dxc4
9.Nxc6 Qxd1+ 10.Nxd1 bxc6 11.Bxc4 Bb4+ 12.Bd2 Bxd2+ 13.Kxd2 Bf5 14.Ne3 O-O-O+
15.Ke2 Rhe8 16.Rhd1 Rxd1 17.Rxd1 Be6 18.Bxe6+ Rxe6 19.Kf3 Kc7 20.Rd4 Nd7
21.Rb4 a6  1/2-1/2

[Event "TCh-AUT B"]
[Site "Mitte AUT"]
[Date "2002.10.12"]
[Round "2"]
[White "Ribli,Z"]
[Black "Zaja,I"]
[Result "1-0"]
[WhiteElo "2574"]
[BlackElo "2433"]

1.Nf3 d5 2.d4 Nf6 3.c4 c6 4.Nc3 a6 5.Ne5 Nbd7 6.Bf4 dxc4 7.Nxc4 b5 8.Ne5 Bb7
9.e3 e6 10.Be2 c5 11.O-O cxd4 12.exd4 Nb6 13.a4 Nfd5 14.Bg3 Nxc3 15.bxc3 Nd5
16.Qb3 f6 17.Bxb5+ Ke7 18.Qa3+  1-0

[Event "TCh-AUT B"]
[Site "Mitte AUT"]
[Date "2002.10.13"]
[Round "3"]
[White "Manca,F"]
[Black "Ribli,Z"]
[Result "0-1"]
[WhiteElo "2349"]
[BlackElo "2574"]

1.e4 c5 2.c3 Nf6 3.e5 Nd5 4.d4 cxd4 5.Nf3 e6 6.cxd4 d6 7.Bc4 Nb6 8.Bd3 Nc6
9.a3 dxe5 10.dxe5 Nd7 11.Bf4 Nc5 12.Bc2 Qxd1+ 13.Kxd1 a5 14.Nc3 Be7 15.Ne4 O-O
16.Ke2 b6 17.Nxc5 Bxc5 18.Rhd1 h6 19.Be3 Rb8 20.Be4 Ba6+ 21.Bd3 Bxd3+ 22.Rxd3 Ne7
23.Bxc5 bxc5 24.Rd2 Nd5 25.Rc1 Rfc8 26.g3 Rb5 27.Rdc2 Rcb8 28.Nd2 Rxb2 29.Rxb2 Rxb2
30.Rxc5 a4 31.Ke1 Kh7 32.Nc4 Rc2 33.Rc8 Ne7 34.Rc7 Nf5 35.Kd1 Rxf2 36.Nd6 Kg6
37.Nxf5 Rxf5 38.Ra7 Rf2 39.Rxa4 Rxh2 40.Rg4+ Kh7 41.a4 g5 42.Rb4 h5 43.Ke1 Rg2  0-1

[Event "TCh-AUT B"]
[Site "Mitte AUT"]
[Date "2002.11.30"]
[Round "4"]
[White "Uhlmann,W"]
[Black "Ribli,Z"]
[Result "1/2-1/2"]
[WhiteElo "2440"]
[BlackElo "2574"]

1.c4 Nf6 2.Nc3 e6 3.Nf3 d5 4.d4 dxc4 5.e3 a6 6.Bxc4 b5 7.Bd3 Nbd7 8.a4 b4
9.Ne4 c5 10.dxc5 Nxc5 11.Nxc5 Bxc5 12.Qe2 Bb7 13.e4 h6 14.O-O O-O 15.Bf4 Nh5
16.Be3 Bxe3 17.Qxe3 Nf4 18.Bc4 Qf6 19.Rfd1 Rad8 20.Bf1 a5 21.b3 e5 22.Bc4 Rxd1+
23.Rxd1 Rd8 24.Rxd8+ Qxd8  1/2-1/2

[Event "TCh-AUT B"]
[Site "Mitte AUT"]
[Date "2002.12.01"]
[Round "5"]
[White "Ribli,Z"]
[Black "Konopka,M"]
[Result "1-0"]
[WhiteElo "2574"]
[BlackElo "2449"]

1.c4 Nf6 2.Nc3 d5 3.cxd5 Nxd5 4.g3 g6 5.Bg2 Nxc3 6.bxc3 Bg7 7.Nf3 O-O 8.O-O c5
9.d4 cxd4 10.Nxd4 Nc6 11.Be3 Bd7 12.Nxc6 Bxc6 13.Bxc6 bxc6 14.Qa4 Bxc3 15.Rac1 Qa5
16.Qxc6 Rac8 17.Qd7 Qxa2 18.Bh6 Rcd8 19.Qxe7 Rfe8 20.Rfd1 Ra8 21.Qc5 Bg7
22.Bxg7 Kxg7 23.e3 a5 24.Ra1 Qb3 25.Rd4 a4 26.Rb4 Qd3 27.Qd4+ Qxd4 28.Rxd4 a3
29.Rd3 a2 30.Rd2 h5 31.Raxa2 Rxa2 32.Rxa2 Re4 33.Kg2 Rb4 34.h3 Rc4 35.Kf3 Rb4
36.Ra5 Rb3 37.Kf4 Rb2 38.f3 Rh2 39.h4 Rb2 40.e4 Rb3 41.Ra7 Rb1 42.Ra5 Rb4
43.g4 hxg4 44.Kxg4 Rb1 45.h5 gxh5+ 46.Rxh5 Kf6 47.Kf4 Rb3 48.Rh6+ Kg7 49.Ra6 f6
50.Ra1 Kf7 51.Rg1 Ra3 52.Rg3 Rb3 53.Kg4 Re3 54.Rh3 Kg6 55.Rh1 Kf7 56.Kf4 Rb3
57.Re1 Kg6 58.Re3 Rb5 59.Rd3 Ra5 60.Kg3 Ra4 61.Rd6 Kf7 62.Kg4 Ra5 63.Rd5 Ra3
64.f4 Ra7 65.Rb5 Re7 66.Rb4 Kg6 67.f5+ Kf7 68.Kh5 Kg7 69.Ra4 Kh7 70.Ra6 Rxe4
71.Ra7+ Kg8 72.Kg6  1-0

[Event "TCh-AUT B"]
[Site "Mitte AUT"]
[Date "2003.03.22"]
[Round "10"]
[White "Haba,P"]
[Black "Ribli,Z"]
[Result "1/2-1/2"]
[WhiteElo "2516"]
[BlackElo "2568"]

1.d4 Nf6 2.c4 e6 3.g3 Bb4+ 4.Nd2 d5 5.Bg2 O-O 6.Nf3 b6 7.O-O Bb7 8.Qc2 Be7
9.Rd1 Na6 10.cxd5 exd5 11.a3 c5 12.dxc5 bxc5 13.Nc4 Re8 14.Bf4 Bf8 15.Ne1 Nc7
16.Ne3 Nb5  1/2-1/2

[Event "TCh-AUT B Mitte 2003-4"]
[Site "St Veit AUT"]
[Date "2003.11.09"]
[Round "2"]
[White "Ribli,Z"]
[Black "Buhmann,R"]
[Result "1/2-1/2"]
[WhiteElo "2593"]
[BlackElo "2532"]

1.d4 Nf6 2.Nf3 d5 3.c4 e6 4.g3 dxc4 5.Bg2 Nc6 6.O-O Rb8 7.e3 Bd6 8.Qc2 O-O
9.Qxc4 Qe7 10.Nc3 e5 11.d5 Nb4 12.a3 b5 13.Qb3 Nd3 14.Qc2 Nxc1 15.Raxc1 Bd7
16.Nd2 Rfc8 17.Nb3 h5 18.h4 Kh8 19.Na5 Rg8 20.Nc6 Bxc6 21.dxc6 g6 22.Rfd1 Rgd8
23.b4 a6 24.Qa2 Kg7 25.Rd2 Qe8 26.Rcd1 Bf8 27.Rxd8 Rxd8 28.Rxd8 Qxd8 29.Nd5 Bd6
30.Nxf6 Qxf6 31.Bh3 e4 32.Bg2  1/2-1/2

[Event "TCh-SLO"]
[Site "Celje SLO"]
[Date "2003.11.17"]
[Round "2"]
[White "Ribli,Z"]
[Black "Palac,M"]
[Result "1/2-1/2"]
[WhiteElo "2593"]
[BlackElo "2534"]

1.Nf3 c5 2.c4 Nc6 3.d4 cxd4 4.Nxd4 Nf6 5.Nc3 e6 6.Bg5 Be7 7.e3 Qa5 8.Bxf6 Bxf6
9.Qd2 Nxd4 10.exd4 O-O 11.Be2 d6 12.O-O Bd7 13.Rfd1 Qc7 14.b4 Rac8 15.a4 b6
16.Rac1 Bc6 17.Nb5 Bxb5 18.axb5 Qe7  1/2-1/2

[Event "TCh-SLO"]
[Site "Celje SLO"]
[Date "2003.11.19"]
[Round "4"]
[White "Ribli,Z"]
[Black "Kozul,Z"]
[Result "1/2-1/2"]
[WhiteElo "2593"]
[BlackElo "2597"]

1.d4 Nf6 2.c4 g6 3.Nc3 Bg7 4.e4 d6 5.Be2 O-O 6.Nf3 e5 7.O-O Na6 8.Be3 c6
9.d5 Ng4 10.Bd2 cxd5 11.cxd5  1/2-1/2

[Event "TCh-SLO"]
[Site "Celje SLO"]
[Date "2003.11.20"]
[Round "5"]
[White "Cebalo,M"]
[Black "Ribli,Z"]
[Result "0-1"]
[WhiteElo "2486"]
[BlackElo "2593"]

1.d4 Nf6 2.c4 e6 3.Nf3 d5 4.Nc3 dxc4 5.e4 Bb4 6.Bg5 c5 7.Bxc4 cxd4 8.Nxd4 Bxc3+
9.bxc3 Qa5 10.Bb5+ Bd7 11.Bxf6 gxf6 12.Qb3 a6 13.Be2 Nc6 14.O-O Qc7 15.Rad1 O-O
16.Rd3 Ne5 17.Rg3+ Ng6 18.f4 Kh8 19.f5 Nf4 20.fxe6 fxe6 21.Qb4 Rae8 22.Bd1 e5
23.Nf5 Bxf5 24.exf5 Rd8 25.h3 a5 26.Qe4 Rg8 27.Rxg8+ Rxg8 28.Bf3 Nxh3+ 29.Kh1 Ng5
30.Qxb7 Qc4 31.Rb1 Qh4+ 32.Kg1 e4  0-1

[Event "TCh-AUT"]
[Site "Graz AUT"]
[Date "2004.11.19"]
[Round "1"]
[White "Tibensky,R"]
[Black "Ribli,Z"]
[Result "1/2-1/2"]
[WhiteElo "2442"]
[BlackElo "2603"]

1.d4 d5 2.c4 e6 3.Nf3 Nf6 4.e3 a6 5.b3 c5 6.cxd5 Nxd5 7.Be2 cxd4 8.Nxd4 e5
9.Nf3 Nc6 10.O-O Be6 11.Bb2 f6 12.Nbd2 Be7 13.Qb1 Rc8 14.a3 g6 15.b4 O-O
16.Rc1 Nb6 17.Ne4 Na4 18.Bd1 Nxb2 19.Qxb2 Kg7 20.Nc5 Bxc5 21.Rxc5 Qd7 22.Be2 Rfd8
23.b5 axb5 24.Bxb5 Qd6 25.Rac1 b6 26.R5c2 Na5 27.Rxc8 Bxc8 28.h3 Be6 29.Be2 Nb3
30.Rd1 Qc7 31.Rxd8 Qxd8 32.Qc2 Qd6 33.Bc4 Bxc4 34.Qxc4 Nc5 35.Qc2 Qd5 36.Nd2 h5
37.Qc3 Kf7 38.Qb4 Nd7  1/2-1/2

[Event "TCh-AUT"]
[Site "Graz AUT"]
[Date "2004.11.20"]
[Round "2"]
[White "Ribli,Z"]
[Black "Stangl,M"]
[Result "1/2-1/2"]
[WhiteElo "2603"]
[BlackElo "2478"]

1.d4 g6 2.c4 Bg7 3.Nf3 d6 4.Nc3 Nd7 5.e4 e5 6.Be2 Ne7 7.h4 exd4 8.Nxd4 Nc5
9.h5 Nc6 10.Be3 Ne6 11.Nc2 f5 12.g3 fxe4 13.hxg6 hxg6 14.Rxh8+ Bxh8 15.Qd5 Bxc3+
16.bxc3 Qf6 17.Qxe4 Qxc3+ 18.Kf1 Qf6 19.Rb1 Qf5 20.Qxf5 gxf5 21.Rb5 Ne7 22.Bh5+ Kd7
23.Bf3 c6 24.Rb1 b6 25.Nb4 Rb8 26.Ke2 a5 27.Nd3 Ba6 28.Rxb6 Rxb6 29.Bxb6 Bxc4
30.Kd2 Bxa2 31.Bxa5 Nd4 32.Bd1 Nb3+ 33.Bxb3 Bxb3 34.Bc3 c5 35.f3 Bd5 36.Ke3 Bc4
37.Nf4 Nd5+ 38.Nxd5 Bxd5 39.g4 fxg4 40.fxg4 Bf7 41.Kd3 d5 42.Bg7 Ke7 43.Kc3 Be8
44.Be5 Bd7 45.g5 Ke6 46.Bf4 Kf5 47.Be3  1/2-1/2

[Event "TCh-SLO"]
[Site "Celje SLO"]
[Date "2004.12.02"]
[Round "5"]
[White "Ruck,R"]
[Black "Ribli,Z"]
[Result "1/2-1/2"]
[WhiteElo "2562"]
[BlackElo "2603"]

1.c4 c5 2.Nc3 g6 3.g3 Bg7 4.Bg2 Nc6 5.Nf3 Nf6 6.d4 O-O 7.O-O cxd4 8.Nxd4 Nxd4
9.Qxd4 d6 10.Qd3 a6 11.Rd1 Bf5 12.e4 Bg4 13.f3 Be6  1/2-1/2

[Event "TCh-BIH Prem"]
[Site "Neum BIH"]
[Date "2005.06.06"]
[Round "3"]
[White "Podinic,V"]
[Black "Ribli,Z"]
[Result "1/2-1/2"]
[WhiteElo "2415"]
[BlackElo "2602"]

1.e4 c5 2.c3 d5 3.exd5 Qxd5 4.d4 Nf6 5.Nf3 e6 6.Be3 cxd4 7.cxd4 Bb4+ 8.Nc3 O-O
9.Bd3 b6 10.O-O Bxc3 11.bxc3 Ba6 12.Bxa6 Nxa6 13.Qa4 Qb7 14.c4 Rac8 15.Rfc1 Nb8
16.Rab1 Nc6 17.Qb5 Rfd8 18.a4 Qc7 19.h3 h6 20.Rb2 Qe7 21.Ne5 Qe8 22.Nxc6 Rxc6
23.a5 Rdc8 24.axb6 axb6  1/2-1/2

[Event "TCh-BIH Prem"]
[Site "Neum BIH"]
[Date "2005.06.07"]
[Round "4"]
[White "Ribli,Z"]
[Black "Brkic,A"]
[Result "1-0"]
[WhiteElo "2602"]
[BlackElo "2477"]

1.Nf3 Nf6 2.c4 g6 3.Nc3 d5 4.cxd5 Nxd5 5.g3 Bg7 6.Bg2 Nc6 7.O-O Nb6 8.b3 O-O
9.Bb2 e5 10.d3 Re8 11.Rc1 Nd4 12.Nd2 c6 13.e3 Ne6 14.Nf3 a5 15.Qc2 Qe7 16.Rfd1 Rd8
17.h3 h6 18.Nb1 Ng5 19.Nxg5 Qxg5 20.Nd2 Qe7 21.Ne4 a4 22.Nc5 axb3 23.axb3 Nd5
24.d4 exd4 25.Bxd4 Bxd4 26.Rxd4 Nf6 27.Rxd8+ Qxd8 28.b4 Qe7 29.Qb2 Nd7 30.Ne4 Ra4
31.Rb1 f5 32.Qb3+  1-0